[Event "PER-ch"]
[Site "Lima"]
[Date "2017.03.01"]
[Round "2"]
[White "Guevara, Jose"]
[Black "Robledo, Manuel"]
[Result "0-1"]
[WhiteElo "1861"]
[BlackElo "2173"]
[PlyCount "88"]
[EventDate "2017.03.01"]
[EventType "swiss"]
[EventRounds "9"]
[EventCountry "PER"]
[SourceTitle "CBM 177 Extra"]
[Source "ChessBase"]
[SourceDate "2017.04.27"]
[SourceVersion "1"]
[SourceVersionDate "2017.04.27"]
[SourceQuality "1"]

1. d4 Nf6 2. Nf3 g6 3. Bf4 Bg7 4. Nbd2 0-0 5. e3 d6 6. Be2 c5 7. 0-0 Nc6 8. c3 Nh5 9. Bg5 h6 10. Bh4 g5 11. Ne1 cxd4 12. cxd4 Nf4 13. exf4 gxh4 14. d5 Nd4 15. Bd3 Qa5 16. Nef3 Bg4 17. h3 Bh5 18. Re1 Rfe8 19. Bc4 Qb4 20. b3 b5 21. a3 Qa5 22. b4 Qc7 23. Bf1 Qb7 24. Rc1 Qxd5 25. Rc7 Ne6 26. Rxe6 fxe6 27. Qc2 a5 28. a4 axb4 29. Bxb5 Qf5 30. Qb3 Rec8 31. Rxe7 Rc1+ 32. Nf1 Qxf4 33. Qxe6+ Bf7 34. Qd7 Rf8 35. Bd3 b3 36. Qb7 b2 37. Re4 Qf6 38. Rxh4 Ba2 39. Rb4 d5 40. Kh2 Bc4 41. Bxc4 dxc4 42. Ne3 Qf4+ 43. g3 Qxf3 44. Qb5 Rh1# 0-1

[Event "Santiago de Surco Cup Santa Maria 1st"]
[Site "Santiago de Surco"]
[Date "2016.12.03"]
[Round "3.4"]
[White "Guevara, Jose"]
[Black "Obando, Richard"]
[Result "0-1"]
[WhiteElo "1905"]
[BlackElo "2100"]
[PlyCount "88"]
[EventDate "2016.11.26"]
[EventType "swiss"]
[EventRounds "7"]
[EventCountry "PER"]
[SourceTitle "EXT 2024"]
[Source "ChessBase"]
[SourceDate "2023.10.10"]
[SourceVersion "1"]
[SourceVersionDate "2023.10.10"]
[SourceQuality "1"]

1. d4 d5 2. Nf3 Nf6 3. Bf4 c5 4. c3 Qb6 5. Qb3 c4 6. Qc2 Nc6 7. Nbd2 Bg4 8. b3 cxb3 9. Qxb3 e6 10. e3 Nd7 11. Bd3 Rc8 12. 0-0 Na5 13. Qa4 Bxf3 14. Nxf3 Rxc3 15. Ne5 Nc6 16. Bb5 Ndxe5 17. Bxe5 a6 18. Bxc6+ Qxc6 19. Qxc6+ Rxc6 20. a4 f6 21. Bg3 Kd7 22. Rab1 b6 23. f4 f5 24. Rb3 Be7 25. Rfb1 Rb8 26. Be1 Kc7 27. Kf2 g5 28. fxg5 Bxg5 29. Kf3 Be7 30. h3 Bd6 31. Bh4 Rc4 32. g4 fxg4+ 33. Kxg4 e5 34. Bf6 Rxa4 35. Kf5 exd4 36. exd4 b5 37. Rg1 Kc6 38. Rg7 Rb7 39. Rg8 Ra3 40. Rb1 Rf3+ 41. Ke6 Re3+ 42. Kf5 Rf7 43. Rf1 Be7 44. Rg7 Rxf6+ 0-1

[Event "Lima zt 2.4 "]
[Site "Lima"]
[Date "2015.05.10"]
[Round "9"]
[White "Guevara, Jose"]
[Black "Suasnabar, Jesus"]
[Result "0-1"]
[WhiteElo "1955"]
[BlackElo "1996"]
[PlyCount "131"]
[EventDate "2015.05.04"]
[EventType "swiss"]
[EventRounds "9"]
[EventCountry "PER"]
[SourceTitle "CBM 166 Extra"]
[Source "ChessBase"]
[SourceDate "2015.06.18"]
[SourceVersion "1"]
[SourceVersionDate "2015.06.18"]
[SourceQuality "1"]

1. d4 e6 2. Nf3 c5 3. c3 Nf6 4. Qc2 cxd4 5. cxd4 Nc6 6. e3 b6 7. Be2 Bb7 8. 0-0 Be7 9. Nc3 0-0 10. a3 Rc8 11. Bd2 Qc7 12. Qa4 a6 13. Rac1 b5 14. Qd1 Qb8 15. e4 d6 16. b4 Rfd8 17. h3 Nd7 18. Be3 Qa8 19. Qb3 Nf6 20. Bd3 Nb8 21. Nd2 Bf8 22. f4 Nbd7 23. g4 Rxc3 24. Rxc3 Nxe4 25. Nxe4 Bxe4 26. Bxe4 Qxe4 27. Qc2 Qxc2 28. Rxc2 Nb6 29. Rc6 Nc4 30. Bc1 Ra8 31. f5 e5 32. f6 gxf6 33. Rxf6 Bg7 34. Rf1 exd4 35. Rc7 d3 36. Rd1 Re8 37. Bf4 Bd4+ 38. Kf1 Be3 39. Rxd3 Bxf4 40. Ra7 Bc1 41. Rxa6 Bxa3 42. Raxa3 Nxa3 43. Rxa3 Re4 44. Rd3 Rxb4 45. Rxd6 Rb2 46. Rb6 b4 47. Ke1 b3 48. Kd1 Rb1+ 49. Kd2 Kg7 50. Kc3 Rh1 51. Kd4 Rxh3 52. Ke4 Rc3 53. Kf5 Rf3+ 54. Ke4 Rc3 55. Kf5 h6 56. Rb7 Rh3 57. Rb6 Rf3+ 58. Ke4 Rc3 59. Kf5 Kf8 60. Rb7 Ke8 61. Kf6 Kd8 62. Kg7 Kc8 63. Rb4 Rf3 64. Kxh6 Kc7 65. Kg7 Kd6 66. g5 0-1

[Event "Lima zt 2.4 "]
[Site "Lima"]
[Date "2015.05.09"]
[Round "8"]
[White "Diaz Moscol, Jose"]
[Black "Guevara, Jose"]
[Result "0-1"]
[WhiteElo "1591"]
[BlackElo "1955"]
[PlyCount "80"]
[EventDate "2015.05.04"]
[EventType "swiss"]
[EventRounds "9"]
[EventCountry "PER"]
[SourceTitle "CBM 166 Extra"]
[Source "ChessBase"]
[SourceDate "2015.06.18"]
[SourceVersion "1"]
[SourceVersionDate "2015.06.18"]
[SourceQuality "1"]

1. d4 Nf6 2. c4 e6 3. Nf3 b6 4. Bg5 Bb7 5. Nc3 Bb4 6. e3 Nc6 7. Be2 h6 8. Bh4 Qe7 9. Qc2 Na5 10. a3 Bxc3+ 11. Qxc3 g5 12. Bg3 Ne4 13. Qc2 f5 14. Be5 Rg8 15. b4 Nc6 16. h3 d6 17. Bh2 g4 18. hxg4 0-0-0 19. Nd2 Nxd2 20. Qxd2 fxg4 21. Bg3 Qg7 22. Rh4 h5 23. Rxh5 Rh8 24. Rh4 a5 25. Bxg4 Kb8 26. Bf3 d5 27. cxd5 exd5 28. b5 Rxh4 29. Bxh4 Rh8 30. g3 Na7 31. a4 Rxh4 32. Qa2 Qf7 33. gxh4 Qxf3 34. Qa3 Nc8 35. Rc1 Nd6 36. Qd3 Ne4 37. Qe2 Qh1+ 38. Qf1 Qxh4 39. Ke2 Qe7 40. f3 Ng3+ 0-1

[Event "Lima zt 2.4 "]
[Site "Lima"]
[Date "2015.05.06"]
[Round "4"]
[White "Guevara, Jose"]
[Black "Cori Tello, Deysi Estella"]
[Result "0-1"]
[WhiteElo "1955"]
[BlackElo "2431"]
[PlyCount "80"]
[EventDate "2015.05.04"]
[EventType "swiss"]
[EventRounds "9"]
[EventCountry "PER"]
[SourceTitle "CBM 166 Extra"]
[Source "ChessBase"]
[SourceDate "2015.06.18"]
[SourceVersion "1"]
[SourceVersionDate "2015.06.18"]
[SourceQuality "1"]

1. d4 Nf6 2. Nf3 g6 3. c4 Bg7 4. Nc3 d5 5. Bf4 0-0 6. e3 c5 7. Be2 Nc6 8. 0-0 cxd4 9. Nxd4 Nxd4 10. Qxd4 Be6 11. Be5 dxc4 12. Rfd1 Qa5 13. b4 Qxb4 14. Rab1 Qa5 15. Rxb7 Rfd8 16. Bc7 Rxd4 17. Bxa5 Rxd1+ 18. Bxd1 Nd5 19. Nxd5 Bxd5 20. Rb5 Be4 21. f3 a6 22. Rc5 Bd3 23. a3 Bb2 24. a4 Rb8 25. Kf2 Bf6 26. f4 Bh4+ 27. g3 Rb2+ 28. Ke1 Bf6 29. Bf3 e6 30. h4 Kg7 31. h5 gxh5 32. Bxh5 Rh2 33. Bf3 Ra2 34. Bc6 Re2+ 35. Kd1 Rxe3 36. Be1 Re2 37. Bb7 Ra2 38. Bxa6 Bd4 39. Rc7 Ra1+ 40. Kd2 Rb1 0-1